| 000 | 00814nam a22001575i 4500 | ||
|---|---|---|---|
| 001 | 167021 | ||
| 003 | ES-MaACL | ||
| 005 | 20230906213438.0 | ||
| 008 | 990701m18971905po abe |||| | por d | ||
| 040 |
_aGA _bspa _cCCPB | 3D |
||
| 100 | 1 |
_aVasconcellos, J. Leite de. _9113265 |
|
| 245 | 1 | 0 |
_aReligi¯oes da Lusitania na parte que principalmente se refere a Portugal / _cpor J. Leite de Vasconcellos. |
| 260 |
_aLisboa : _bImprenta Nacional, _c1897-1905. |
||
| 300 |
_a2 v. (XL, 440 ; XVIII, 372 p., [3] h. pleg.) ; _c24 cm. |
||
| 852 |
_aES-MaACL _jC-1362-1364 _z-- Enc. hol. _x-- Edic.: 3 v. -- Todos los v. con il. -- El t.III, 1913 (XVIII, 636 p., [3] h. de lám., [1] h. pleg. de mapa) -- Precede al tit. en t.I: Quarto centenario do descobrimiento da India, Contribuiçoes da Sociedade de Geographia de Lisboa |
||
| 999 |
_c167021 _d167021 |
||